Effect of different colors of plastic grouund cover on tomato yield in royal university of agriculture,(ឥទ្ធិពលកំរាលប្លាស្ទិចពណ៌ផ្សេងៗគ្នាលើទិន្នផលប៉េងប៉ោះក្នុងលក្ខខ័ណ្ឌសាកលវិទ្យាល័យភូីមិន្ទកសិកម្ម) (Record no. 604)
[ view plain ]
| 000 -LEADER | |
|---|---|
| fixed length control field | 00747nam a22001577a 4500 |
| 003 - CONTROL NUMBER IDENTIFIER | |
| control field | OSt |
| 005 - DATE AND TIME OF LATEST TRANSACTION | |
| control field | 20150916180133.0 |
| 008 - FIXED-LENGTH DATA ELEMENTS--GENERAL INFORMATION | |
| fixed length control field | 150916b xxu||||| |||| 00| 0 eng d |
| 040 ## - CATALOGING SOURCE | |
| Transcribing agency | RUA |
| 082 ## - DEWEY DECIMAL CLASSIFICATION NUMBER | |
| Classification number | AGR KHA 2004 B029 Or.1 |
| 100 ## - MAIN ENTRY--PERSONAL NAME | |
| 9 (RLIN) | 630 |
| Personal name | KHAY SEANGKHORN |
| 245 ## - TITLE STATEMENT | |
| Title | Effect of different colors of plastic grouund cover on tomato yield in royal university of agriculture,(ឥទ្ធិពលកំរាលប្លាស្ទិចពណ៌ផ្សេងៗគ្នាលើទិន្នផលប៉េងប៉ោះក្នុងលក្ខខ័ណ្ឌសាកលវិទ្យាល័យភូីមិន្ទកសិកម្ម) |
| 260 ## - PUBLICATION, DISTRIBUTION, ETC. (IMPRINT) | |
| Place of publication, distribution, etc. | phnom penh |
| Name of publisher, distributor, etc. | RUA |
| Date of publication, distribution, etc. | 2004 |
| 300 ## - PHYSICAL DESCRIPTION | |
| Extent | xii,55p. |
| Dimensions | ill. |
| Size of unit | 29cm. |
| 942 ## - ADDED ENTRY ELEMENTS (KOHA) | |
| Source of classification or shelving scheme | |
| Koha item type | AGR |
| Price effective from | Date last seen | Permanent Location | Not for loan | Date acquired | Date last checked out | Source of classification or shelving scheme | Total Checkouts | Koha item type | Barcode | Lost status | Damaged status | Withdrawn status | Current Location | Full call number |
|---|---|---|---|---|---|---|---|---|---|---|---|---|---|---|
| 2015-09-16 | 2015-09-16 | Library Block B | 2015-09-16 | AGR | RUA001139 | Library Block B | AGR KHA 2004 B029 Or.1 | |||||||
| 2015-09-16 | 2019-06-12 | Library Block B | 2015-09-16 | 2019-05-10 | 2 | AGR | RUA001283 | Library Block B | AGR KHA 2004 B029 Or.2 | |||||
| 2015-09-16 | 2015-09-16 | Library Block B | 2015-09-16 | AGR | RUA001065 | Library Block B | AGR KHA 2004 B029 Or.3 | |||||||
| 2015-09-16 | 2015-09-16 | Library Block B | 2015-09-16 | AGR | RUA001137 | Library Block B | AGR KHA 2004 B029 Or.4 | |||||||
| 2016-12-13 | 2019-10-19 | Library Block B | 2016-12-13 | 2019-10-07 | 1 | AGR | A04474 | Library Block B | AGR KHA 2004 B029 Or.5 |